01650nam a2200337 i 4500003000900000005001700009007000300026008004100029020001800070040003000088041000800118082002400126100004900150245005500199250002000254264008100274300004600355336002700401337003400428338002800462490001400490500003300504521027800537590002700815910001500842942001400857952013600871952014401007952014401151999001701295DO-SdBNP20251114082458.0ta250903b2003 dr a|||| |||| 00| 0 spa d a9789993433491 aDO-SdBNPbspacBNPHUerda aeng 4axxxbN714c 2003222 aNina T., Ramóneautord1951- 4aut.92950313aThe house of the number family / bRamón Nina T. aFirst edition  4bSanto Domingo, República Dominicana : aThe Library of Congress,c©2003. a91 páginas : bilustraciones ;c28 cm.  atextobtxt2rdacontent asin mediación bn2rdamedia avolumenbnc2rdacarrier0 aKnowledge aFrom Middle school / studies aes un cuento que resalta lo positivo del conocimiento numérico a temprana edad y la necesidad de métodos sencillos y divertidos para su enseñanza. Al mismo tiempo sugiere una conducta social global que permita alcanzar niveles de superación de la especie humana".  aInventariado, 2025 /BT aBtavárez 2ddccLBS1 00102ddc51708PDaBNPHUbBNPHUcCTd2025-11-14eDepósito Legall0oBNPHU N714c 2003p2025-13097r2025-11-14w2025-11-14yLBS1 00102ddc51708PDaBNPHUbBNPHUcCTd2025-11-14eDepósito Legall0oBNPHU PD N714c 2003p2025-13098r2025-11-14te.2w2025-11-14yLBS1 00102ddc56708DSaBNPHUbBNPHUcCTd2025-11-14eDepósito Legall0oBNPHU DS N714c 2003p2025-13099r2025-11-14te.3w2025-11-14yLBS1 c60042d60042